000 00633nam a22002057a 4500
003 BD-DhJNU
005 20250623073836.0
008 250623b |||||||| |||| 00| 0 eng d
020 _a9840514008
040 _aBD-DhJNU
_bENG
_cBD-DhJNU
_dBD-DhJNU
082 _223
_a320.54
100 _aMohsin, Amena
245 _aThe politics of nationalism :
_bthe case of the Chittagong hill tracts, Bangladesh /
_cAmena Mohsin
250 _a2nd ed.
260 _aDhaka :
_bThe University Press LTD,
_c2002.
300 _axiv, 273 p. :
_bill. ;
_c21 cm.
504 _aincludes index
650 _aPolitics and government
942 _2ddc
_cBK
_n0
999 _c1813
_d1813